Tây Du Ký T.1
Saved in:
| Main Author: | |
|---|---|
| Other Authors: | |
| Format: | Book |
| Language: | Vietnamese |
| Published: |
H.
Thế giới
2006
|
| Subjects: | |
| Tags: |
Add Tag
No Tags, Be the first to tag this record!
|
| Institutions: | Mạng thư viện Đại học Đà Nẵng |
|---|
| LEADER | 01067nam a2200337 4500 | ||
|---|---|---|---|
| 001 | 000005054 | ||
| 003 | 1196 | ||
| 005 | 20120702080750.0 | ||
| 008 | 110808s2006 viesd | ||
| 020 | |c 46000đ | ||
| 041 | 0 | |a vie | |
| 082 | |a 895.1 |b NG-Â | ||
| 100 | 0 | |a Ngô Thưà Ân | |
| 245 | 1 | 0 | |a Tây Du Ký |c Ngô Thưà Ân; Mai Kiều Chi dịch |n T.1 |
| 260 | |a H. |b Thế giới |c 2006 | ||
| 300 | |a 456 tr. |c 19 cm | ||
| 653 | |a Trung Quốc | ||
| 653 | |a Tiểu thuyết | ||
| 700 | |a Mai Kiều Chi |e Dịch | ||
| 773 | |t Tây Du Ký |w 1192 | ||
| 910 | |a Huỳnh Thị Cẩm Lai |d 08/08/2011 | ||
| OWN | |a LSP | ||
| AVA | |a UDN50 |b LSP |d 895.1 NG-Â |e available |t Error 5001 Not defined in file expand_doc_bib_avail. |f 3 |g 0 |h N |i 0 |k 1 | ||
| 999 | |a From the UDN01 | ||
| AVA | |a UDN50 |b LSP |d 895.1 NG-Â |e available |t Error 5001 Not defined in file expand_doc_bib_avail. |f 3 |g 0 |h N |i 0 |k 1 | ||
| TYP | |a Monograph | ||
| TYP | |a Printed language | ||
| 980 | |a Mạng thư viện Đại học Đà Nẵng | ||